| 000 | 00332nam a2200121Ia 4500 | ||
|---|---|---|---|
| 008 | 150202s9999 xx 000 0 und d | ||
| 050 |
_aFIC _bFIC |
||
| 100 | _aSpencer, Lavyrle. | ||
| 245 |
_aFamily blessings / _cLavyrle Spencer. |
||
| 260 |
_aNew York : _bJove Books, _c1993. |
||
| 300 |
_a480 pages : _c18 cm. |
||
| 650 | _aFiction. | ||
| 999 |
_c282447 _d282447 |
||